zpět

Detail výsledku týmu

A-Sport, Hradec Králové

Datum a čas kvízu

26 Celkem bodů Celkový počet nahraných bodů na tomto kvízu bez doplňovacích otázek.
9. Pořadí na kvízu Konečné umístění týmu na tomto kvízu.

Zaznamenané odpovědi

# Otázka Odpověď Body Výsledky
1. V jedné české zoologické zahra... v Olomouci 0
2. Jeden nadnárodní řetězec čelí... McDonald's 1
3. V sobotu proběhl velkolepý kon... Rio di Janeiro 1
4. Minulý týden byl na aukci v ji... (zlaté) hodinky 0
5. 22letý český tenista porazil n... Jiří Lehečka 1
6. Vítězné téma facebookového hla... Méďové 1
7. Jak se jmenoval herec, který v... Ladislav Trojan 0
8. Který zahraniční dětský seriál... Tlapková patrola 0
9. Která z těchto postav je nejme... D) Zipper 1
10. Napište název oblíbeného dětsk... Včelka Mája 1